000 00961cam a22002651 4500
001 1910
003 BD-RjUL
005 20211208233435.0
008 131209s1963 nyuab b 000 0 eng
035 _a(BD-RjUL)1937
035 _a(OCoLC)237212
040 _aDLC
_cODaWU
_dOCoLC
_dNBrockU
_dDLC
_dBD-RjUL
_beng
041 _aeng
082 _a338
_bWUE 1963
100 1 _aWu, Yuan-li.
_96307
245 1 0 _aEconomic development and the use of energy resources in Communist China,
_cby Yuan-li Wu, with the assistance of H.C. Ling.
260 _aNew York :
_bPublished for the Hoover Institution on War, Revolution and Peace by Praeger
_c1963.
300 _axv, 275 p.
_bmaps, diagrs.
_c26 cm.
490 1 _aHoover Institution publications
504 _aBibliographical references included in "Notes" (p. 242-271)
650 0 _aPower resources
_zChina.
_96308
830 0 _aHoover Institution publication.
_9130059
942 _2ddc
_cBK
999 _c1910
_d1910